| 000 | 00352nam a2200133Ia 4500 | ||
|---|---|---|---|
| 005 | 20251222144751.0 | ||
| 008 | 251222s9999||||xx |||||||||||||| ||spa|| | ||
| 020 | _a9972-9565-8-X | ||
| 082 | _a868.931/M13 | ||
| 100 | _aMachado de Assis, Joaquím María | ||
| 245 | 0 | _aPapeles Sueltos | |
| 264 | _bUniversidad Católica Sedes Sapientiae | ||
| 942 | _cLIB | ||
| 999 |
_c19341 _d19341 |
||